Statistics for Spanish-Speaking Countries Quiz

Click here to take the quiz!

General Stats

  • This quiz has been taken 151,905 times
    (117,341 since last reset)
  • The average score is 18 of 22

Answer Stats

Country % Correct
Spain
98%
Mexico
95%
Argentina
94%
Chile
91%
Colombia
91%
Uruguay
88%
Paraguay
88%
Venezuela
88%
Peru
87%
Panama
84%
Bolivia
84%
Cuba
83%
Ecuador
82%
Costa Rica
81%
Honduras
81%
Guatemala
79%
El Salvador
78%
Nicaragua
78%
Dominican Republic
72%
Belize
66%
Andorra
53%
Equatorial Guinea
26%

Score Distribution

Percentile by Number Answered

Percent of People with Each Score

Your Score History

You have not taken this quiz since the last reset